000 00833nam a2200241Ia 4500
003 OSt
005 20220923222356.0
006 a|||||r|||| 00| 0
007 ta
008 220922b |||||||| |||| 00| 0 hin d
024 _a204,718
037 _cTextual
040 _aARTS
_cARTS
_bhin
041 _2hin
_ahin
082 _aO157:3M61:68, 152J1(=)
100 _aठाकुर, रवीन्द्रनाथ; जैन, धन्यकुमार, अनु.
_9166877
245 0 _aतीन साथी
246 _aTīn sāthī
260 _c1951
490 _aरवीन्द्र साहित्य; 19
942 _hO157:3M61:68, 152J1(=)
_cTEXL
_2CC
999 _c355466
_d355466